[Event "Opera Euro Rapid Prelims 2021"]
[Site "Online"]
[Date "2021.02.03"]
[Round "2.1"]
[White "Dubov, Daniil"]
[Black "Giri, Anish"]
[Result "1/2-1/2"]
[WhiteElo "2710"]
[BlackElo "2764"]
[Annotator "TA"]
[PlyCount "105"]
[EventDate "2021.02.02"]
[EventType "tourn"]
[EventCountry "NET"]
[SourceTitle "playchess.com"]
[Source "ChessBase"]
[SourceQuality "1"]

{[%evp 18,105,10,15,67,54,69,76,85,80,80,87,81,89,97,88,91,106,94,75,86,91,94,73,71,60,68,59,66,31,95,88,109,93,142,96,120,86,82,82,82,81,85,79,79,68,79,65,78,65,57,47,85,85,114,112,146,146,134,139,162,152,233,100,150,136,760,659,913,741,1102,1114,2579,2840,2362,1114,1114,0,1186,247,1178,1155,29959,10329,6440,0,0,0,1381,0]} 1. e4 e5 2. Bc4 Nf6 3. d4 exd4 4. Nf3 Nc6 5. O-O Nxe4 6. Re1 d5 7. Bxd5 Qxd5 8. Nc3 Qd8 9. Rxe4+ Be7 10. Nxd4 O-O {C56: Two Knights: 4 d4 exd4 5 0-0 Nxe4.} (10... f5 $11 11. Rf4 (11. Qh5+ g6 $17) 11... O-O) 11. Bf4 $14 Bf6 {[%cal Rf6d4]} 12. Nxc6 {[#]} Qxd1+ $146 {White is better.} ({Predecessor:} 12... bxc6 13. Rc4 Rb8 14. Qxd8 Bxd8 15. b3 Bf6 16. Rxc6 Rb6 17. Rxc7 Rb7 18. Rc5 Bd4 {1-0 (37) Neiman,E (2240)-Letreguilly,O (2200) France 1989}) 13. Rxd1 {Ne7+ is the strong threat.} bxc6 {[#]} 14. Rc4 $1 Bf5 15. Rxc6 Bxc2 16. Rd2 Bf5 17. Nd5 Bd8 18. Bxc7 Re8 {[%cal Re8e1] [#]} 19. h3 {And now Bxd8 would win.} Be6 20. Rc3 Bg5 21. f4 Bh4 {Black wants to play ...Be1.} 22. g3 Be7 23. g4 Rac8 ({Better is} 23... Bh4 $14) 24. Be5 $16 Bc5+ 25. Kg2 f5 26. g5 Kf7 27. Nc7 Rxc7 28. Bxc7 Bb4 29. Be5 Bxc3 30. bxc3 {[%mdl 4096] Endgame KRB-KRB} Re7 31. a4 Rd7 32. Bd4 a5 33. Kg3 Bb3 34. Rb2 Bxa4 35. Ra2 Bb3 36. Rxa5 Bd5 37. h4 g6 38. h5 gxh5 39. Kh4 Ke8 (39... Kf8 $16 {keeps fighting.} 40. Rb5 (40. Kxh5 Kg8 $16) 40... Ke7 41. Kxh5 Bf7+ 42. Kh4 Bg6) 40. Bf6 (40. Kxh5 $18 {and White stays clearly on top.} Bf7+ 41. Kh6) 40... Be6 41. Kxh5 {Hoping for Ra8+.} Bf7+ $2 {[%mdl 8192]} (41... Rd2 $16 42. Ra8+ Kf7 43. Ra7+ Bd7) 42. Kh6 $18 {White threatens Ra8+ and mate.} Bg6 43. c4 {[%cal Bc3c4,Bc4c5][%mdl 32]} Kf7 44. c5 Rd1 45. Ra7+ Kf8 46. Ra8+ (46. Rxh7 $142 Bxh7 47. Kxh7 Rh1+ 48. Kg6) 46... Kf7 47. Ra7+ Kf8 $1 {[%cal Rd1h1]} 48. Ra1 $2 (48. Rxh7 Bxh7 49. Kxh7 Rh1+ 50. Kg6) 48... Rd2 $2 (48... Rxa1 49. Bxa1 Ke7) 49. Ra8+ Kf7 50. Ra7+ Kf8 51. Ra8+ (51. Rxh7 $142 Bxh7 52. Kxh7 Rh2+ 53. Kg6) 51... Kf7 $1 {[%cal Rd2h2]} 52. Ra7+ Kf8 {[%cal Rd2h2]} 53. Ra8+ $2 {Weighted Error Value: White=0.65/Black=0.40} (53. Rxh7 $18 Bxh7 54. Kxh7 Rh2+ 55. Kg6) 1/2-1/2

[Event "Opera Euro Rapid Prelims 2021"]
[Site "Online"]
[Date "2021.02.03"]
[Round "2.2"]
[White "Nepomniachtchi, Ian"]
[Black "Grischuk, Alexander"]
[Result "1-0"]
[WhiteElo "2789"]
[BlackElo "2777"]
[Annotator "TA"]
[PlyCount "169"]
[EventDate "2021.02.02"]
[EventType "tourn"]
[EventCountry "NET"]
[SourceTitle "playchess.com"]
[Source "ChessBase"]
[SourceQuality "1"]

{[%evp 11,169,9,27,22,16,16,22,16,20,9,21,12,30,0,37,35,58,22,37,8,27,7,13,17,64,-24,-23,-21,-6,-4,-10,-14,-9,-12,0,0,0,1,35,0,31,0,0,0,0,0,0,0,30,26,48,48,48,50,60,67,100,111,111,111,120,75,80,0,113,50,50,48,45,17,65,52,60,63,62,56,140,127,191,191,259,183,405,397,397,368,368,89,89,89,89,89,89,89,89,89,89,89,491,491,491,491,491,491,491,204,491,491,499,0,481,190,481,362,365,420,190,190,190,190,458,190,190,190,481,190,190,190,280,190,190,0,481,481,481,481,607,481,481,481,481,481,29969,29970,29970,29971,29971,29971,29971,29973,29973,29973,29974,29975,29975,29976,29975,29976,29976,29977]} 1. e4 c5 2. Nf3 d6 3. d4 cxd4 4. Nxd4 Nf6 5. Nc3 a6 6. Bg5 Nbd7 7. Qe2 {B94: Sicilian Najdorf: 6 Bg5 Nbd7.} h6 8. Bh4 g6 9. O-O-O {The position is equal.} e5 10. Nb3 Be7 11. Kb1 b5 12. f3 Bb7 13. a3 Rc8 14. Qd2 Kf8 {[#]} 15. Bf2 $146 ({Predecessor:} 15. g4 Kg7 16. g5 hxg5 17. Bxg5 Qc7 18. h4 Nb6 19. Bxf6+ Bxf6 20. Qxd6 Rxh4 21. Rxh4 Bxh4 {½-½ (35) Naiditsch,Y (2387)-Zanan,E (2528) Caleta 2019}) 15... Kg7 16. g4 Nb6 17. h4 d5 18. Bxb6 (18. Bg3 $1 $14) 18... Qxb6 $11 19. Nxd5 Nxd5 20. exd5 Rhd8 21. Bd3 $1 Bxd5 22. Qe2 Qf6 23. Nd2 Qf4 24. h5 g5 25. Rhe1 b4 (25... Qa4 {is interesting.} 26. Bf5 Rb8 27. Be4 Be6 28. Bf5 Bd5) 26. Qxe5+ (26. a4 {keeps more tension.} b3 27. cxb3 Bb4 28. Qxe5+ Qxe5 29. Rxe5 a5 30. Rc1) 26... Qxe5 27. Rxe5 Bf6 28. Rxd5 Rxd5 29. axb4 Rb8 30. Bc4 Rd6 31. c3 Rbd8 32. Kc2 Be5 {aiming for ...Bf4.} 33. Be2 $1 Bf4 {[%cal Rd6d2]} 34. Ne4 Rxd1 35. Bxd1 $16 {[%mdl 4096] Endgame KRB-KBN} Re8 36. Nc5 Rd8 37. Ne4 Re8 38. Kd3 (38. Kb3 $1 $16) 38... Rd8+ $14 39. Ke2 Bc1 40. b3 Bf4 41. Bc2 Kf8 42. Bd3 Ra8 $1 43. Nc5 a5 (43... Re8+ $14 44. Be4 Rd8) 44. b5 $16 Ke7 (44... Re8+ $16 45. Be4 Rc8) 45. c4 Kd6 (45... Re8 $142 46. Be4 Rd8) 46. Na4 Ke5 $2 {[#]} (46... Rc8 {keeps fighting.} 47. Bf5 Rd8) 47. c5 $1 $18 Kd4 48. Be4 Re8 49. Kf2 $2 (49. b6 $18 {is more deadly.}) 49... Re5 $16 50. b6 {Hoping for c6.} Rxc5 51. Nxc5 Kxc5 {KB-KB} 52. b7 Kd4 53. Ke2 Kc3 54. Bd5 Kd4 $2 {[%mdl 8192]} (54... f6 $16 {is a better chance.}) 55. Bxf7 $18 Bb8 56. Kd2 Bf4+ 57. Kc2 Be5 58. Kb2 (58. Bg8 $142 Bd6 59. Bf7) 58... Bd6 $2 (58... Ke3+ 59. Ka3 Kxf3) 59. Bg8 Kd3 60. Bf7 Kd4 61. Bg6 $2 (61. Be6 Be5 62. Ka3) 61... Bc7 $2 (61... Bf4 {was called for.} 62. Kc2 Bc7) 62. Ka3 Kc5 63. Ka4 Kb6 (63... Kc6 {was worth a try.} 64. Be4+ Kc5) 64. Be4 Bd6 65. Bd5 Ka6 $2 (65... Kc5 {was necessary.} 66. Be6 (66. Kxa5 Kxd5 67. Kb6 Bb8 $17) 66... Kc6 67. Kxa5 Kxb7) 66. Be6 (66. b4 $142) 66... Kb6 67. Bc8 Bf4 $2 (67... Bb8 68. b4 axb4 69. Kxb4 Be5) 68. Ka3 $2 (68. b4) 68... Kc5 69. Bf5 Bd6 (69... Kb6 $142 70. Be4 Be5) 70. Ka4 Kb6 71. Bc8 $2 (71. Be6) 71... Bf4 $1 {[#]} 72. b4 $1 axb4 73. Kxb4 Kc6 74. Kc4 Be5 75. Bf5 Kxb7 {Black hopes to continue with ...Kc6.} 76. Kd5 Bb2 (76... Bf4 $18 77. Ke6 Kc8 78. Kf6+ Kd8) 77. Ke6 {White mates.} Kc7 78. Kf7 Kd6 79. Kg6 Ke7 80. Kxh6 Kf6 81. Bc2 Ba3 82. Kh7 Bf8 83. Bb3 Bg7 84. h6 Bf8 85. Ba2 {Weighted Error Value: White=0.32/Black=0.33} 1-0

[Event "Opera Euro Rapid Prelims 2021"]
[Site "Online"]
[Date "2021.02.03"]
[Round "2.3"]
[White "Nakamura, Hikaru"]
[Black "Duda, Jan-Krzysztof"]
[Result "1/2-1/2"]
[WhiteElo "2736"]
[BlackElo "2743"]
[Annotator "TA"]
[PlyCount "76"]
[EventDate "2021.02.02"]
[EventType "tourn"]
[EventCountry "NET"]
[SourceTitle "playchess.com"]
[Source "ChessBase"]
[SourceQuality "1"]

{[%evp 12,76,23,4,42,14,13,-6,0,-33,-31,-29,-19,-14,0,0,-5,-11,-10,-10,-7,-7,-12,-24,-28,-21,-22,-25,-8,-8,-3,-8,0,-9,0,0,0,0,0,-7,0,0,0,0,0,0,0,0,0,0,0,0,0,0,0,0,0,0,0,0,0,0,0,0,0,0,0]} 1. d4 Nf6 2. c4 e6 3. Nf3 d5 4. Nc3 c5 5. cxd5 Nxd5 6. e3 Nc6 {6...cxd4 is the modern continuation.} 7. Bb5 Be7 {D41: Queen's Gambit Declined: Semi-Tarrasch with 5 cxd5.} 8. Ne5 Bd7 {[#] ...Nxc3 is the strong threat.} 9. Nxd7 Qxd7 10. O-O cxd4 11. exd4 {[#]} a6 $146 ({Predecessor:} 11... O-O 12. Qf3 Nxc3 13. bxc3 Rac8 14. Bf4 Rfd8 15. Bd3 e5 16. Be3 g6 17. Bc4 Bf8 {½-½ (27) Grabow,P (2127)-Hess,C (2225) Aalborg 2018}) 12. Be2 Bf6 13. Bf3 Nce7 14. Ne4 O-O 15. Nxf6+ Nxf6 16. Bg5 Nfd5 17. Qb3 Nf5 18. Be3 Rac8 19. Rac1 Nfe7 20. Bg5 {The position is equal.} Rxc1 21. Rxc1 Rc8 22. Rxc8+ Qxc8 23. g3 f6 24. Bd2 Qd7 25. Be4 g6 26. Bb4 Kf7 27. Bxe7 Kxe7 28. Kf1 Qc6 29. Bxd5 Qxd5 30. Qxd5 exd5 $11 {[%mdl 4096] Endgame KP-KP} 31. Ke2 Ke6 32. Ke3 g5 33. g4 a5 34. a4 Kd6 35. Kd3 Ke6 36. Ke3 Kd6 37. Kd3 Ke6 38. Ke3 Kd6 {Weighted Error Value: White=0.04/Black=0.04} 1/2-1/2

[Event "Opera Euro Rapid Prelims 2021"]
[Site "Online"]
[Date "2021.02.03"]
[Round "2.4"]
[White "Vidit, Santosh Gujrathi"]
[Black "Dominguez Perez, Leinier"]
[Result "1-0"]
[WhiteElo "2726"]
[BlackElo "2758"]
[Annotator "TA"]
[PlyCount "93"]
[EventDate "2021.02.02"]
[EventType "tourn"]
[EventCountry "NET"]
[SourceTitle "playchess.com"]
[Source "ChessBase"]
[SourceQuality "1"]

{[%evp 13,93,4,7,0,0,0,0,0,0,0,2,0,0,9,8,0,-6,-2,8,7,14,12,24,31,22,31,23,27,16,23,29,17,15,36,20,19,37,8,33,30,48,21,54,48,59,57,160,147,130,92,160,157,233,227,233,239,524,524,524,524,517,515,508,508,508,508,491,490,476,473,426,335,389,397,460,448,764,750,899,880,731,689]} 1. d4 Nf6 2. c4 e6 3. Nc3 Bb4 4. e3 O-O 5. Bd2 d5 6. Nf3 b6 7. cxd5 exd5 8. Rc1 {E51: Nimzo-Indian: Rubinstein: 4...0-0 5 Nf3 d5.} Bb7 9. Bd3 Re8 {9...Nbd7 is setting a new trend.} 10. O-O {The position is equal.} Bf8 11. Ne5 c5 12. f4 Nc6 13. Ne2 Rc8 {[#]} 14. Be1 $146 ({Predecessor:} 14. Ng3 cxd4 15. Nxc6 Rxc6 16. Rxc6 Bxc6 17. exd4 Ne4 18. Bxe4 dxe4 19. Be3 Qd5 20. f5 Qxa2 {0-1 (37) Marn,J (2360)-Lampert,J (2531) Maribor 2020}) 14... cxd4 15. exd4 Ne4 16. Bb5 {[%cal Re5c6]} Re6 17. h3 f6 18. Nxc6 Bxc6 19. Ba6 Rc7 20. f5 Re8 21. Nf4 Ba4 22. b3 Rxc1 23. Qxc1 Bd7 24. Nxd5 {Black must now prevent Nc7.} Bd6 25. Bd3 $36 {[%mdl 2048] White is more active.} Qb8 26. Nc3 Nxc3 27. Bxc3 Bh2+ 28. Kh1 Bg3 29. Bd2 Rc8 (29... b5 $14) 30. Bc4+ $16 Kh8 {aiming for ...b5.} 31. Qd1 Qd6 {[#]} ({Black should play} 31... Bc6) 32. Qg4 $1 Re8 {[#]} (32... Bc6 $16 {might work better.} 33. Be6 Rd8) 33. Be6 $1 $18 Bxe6 34. fxe6 Rxe6 $2 {[#]} (34... Be5 35. dxe5 Qxd2) 35. Bb4 $1 {[%mdl 576] Deflection} Qxb4 36. Qxe6 {[%mdl 4096] Endgame Qe8+ would kill now. KQR-KQB} h6 37. Qc8+ Kh7 38. Qf5+ Kg8 39. Qd5+ Kh7 40. Qe4+ Kg8 41. Rc1 Kf7 42. Qd3 Qd6 43. Rc3 Bf2 44. Qc4+ {White is clearly winning.} Kg6 (44... Qe6 $142 45. Qxe6+ Kxe6) 45. Rf3 Bh4 46. d5 Bg5 47. h4 {Accuracy: White = 89%, Black = 62%.} 1-0

[Event "Opera Euro Rapid Prelims 2021"]
[Site "Online"]
[Date "2021.02.03"]
[Round "2.5"]
[White "Radjabov, Teimour"]
[Black "Shankland, Sam"]
[Result "1-0"]
[WhiteElo "2765"]
[BlackElo "2691"]
[Annotator "TA"]
[PlyCount "89"]
[EventDate "2021.02.02"]
[EventType "tourn"]
[EventCountry "NET"]
[SourceTitle "playchess.com"]
[Source "ChessBase"]
[SourceQuality "1"]

{[%evp 18,89,1,-16,-7,-4,58,45,74,81,85,54,85,60,94,47,100,103,101,95,103,92,135,89,94,87,71,73,96,95,102,10,20,15,25,28,32,21,27,37,36,35,46,48,52,53,102,99,100,92,93,102,115,112,147,142,162,153,189,189,185,189,181,150,166,173,29974,29976,29975,29977,29968,1415,6726,5939]} 1. Nf3 d5 2. d4 Nf6 3. c4 c6 4. Qc2 dxc4 5. Qxc4 Bf5 6. g3 e6 7. Bg2 Be7 8. O-O O-O 9. Nc3 Nbd7 10. Bf4 Qb6 {D23: Queen's Gambit Accepted: 3 Nf3 Nf6 sidelines.} 11. Nh4 Bg4 {[#]} ({Much weaker is} 11... Qxb2 $6 12. Nxf5 exf5 13. Rab1 $16) ({Black should play} 11... Bc2 $11) 12. e4 $146 ({Predecessor:} 12. h3 Bh5 13. g4 Nd5 14. Bg3 Bxh4 15. Bxh4 Bg6 16. Na4 Qa5 17. Nc5 Nxc5 18. dxc5 {½-½ (44) Matviishen,V (2046)-Ziaziulkina,N (2330) Albena 2013}) 12... Rfe8 {White is slightly better.} 13. h3 Bh5 14. Rab1 Bf8 15. Be3 e5 16. d5 Qb4 ({Better is} 16... cxd5 $1 $14 17. Nxd5 Qa5) 17. Qxb4 $16 Bxb4 18. dxc6 bxc6 19. Rfc1 Rec8 20. Nf5 Bg6 21. a3 Bf8 22. Na4 c5 23. Rc2 Nd5 24. Bd2 (24. Rd1 $16 Nxe3 25. Nxe3) 24... N5b6 25. Nc3 c4 26. Be3 Nc5 27. g4 Rab8 28. Bf1 Rd8 29. Nb5 Rd7 30. Bxc5 Bxc5 31. b4 Bd4 32. Bxc4 ({And not} 32. Nbxd4 exd4 33. Bxc4 d3 $17) 32... Bxf5 33. exf5 Nxc4 34. Rxc4 Bb6 35. Nc3 Rd3 {[#]} 36. Kg2 $1 Bd4 37. Rc1 f6 38. Rc2 h5 39. Ne4 hxg4 40. hxg4 Rxa3 41. g5 Ra6 $2 {[#]} (41... fxg5 $18 42. Rc8+ Rxc8 43. Rxc8+ Kf7) 42. Rc8+ Rxc8 43. Rxc8+ Kf7 44. g6+ Ke7 45. Rg8 {Weighted Error Value: White=0.09/Black=0.39} 1-0

[Event "Opera Euro Rapid Prelims 2021"]
[Site "Online"]
[Date "2021.02.03"]
[Round "2.6"]
[White "Ding, Liren"]
[Black "Bluebaum, Matthias"]
[Result "1/2-1/2"]
[WhiteElo "2791"]
[BlackElo "2670"]
[Annotator "TA"]
[PlyCount "154"]
[EventDate "2021.02.02"]
[EventType "tourn"]
[EventCountry "NET"]
[SourceTitle "playchess.com"]
[Source "ChessBase"]
[SourceQuality "1"]

{[%evp 15,154,12,17,13,15,16,14,25,24,25,20,21,24,20,40,23,18,0,13,17,13,13,20,16,68,39,44,56,75,60,61,48,58,50,75,16,37,0,0,0,0,0,0,0,67,39,137,137,131,137,193,190,350,343,287,156,125,35,38,38,39,0,0,0,35,49,149,94,97,92,92,91,104,72,72,72,72,72,72,21,21,21,72,29,72,72,88,85,87,70,70,38,39,0,0,0,93,85,112,77,77,25,25,0,0,0,0,0,0,0,0,0,0,0,0,0,0,0,0,0,0,0,0,0,0,0,0,0,0,0,0,0,0,0,0,0,0,0,0,0,0]} 1. c4 e6 2. Nc3 d5 3. d4 Nf6 4. cxd5 exd5 5. Bg5 c6 6. e3 h6 7. Bh4 Be7 8. Bd3 O-O 9. Nge2 $1 {[%mdl 4] is recently more successful than 9.Qc2. D35: Queen's Gambit Declined: Exchange Variation.} Re8 10. O-O a5 {[#]} 11. Rc1 $146 ({Predecessor:} 11. Qd2 b6 12. Rac1 Ba6 13. Na4 Bxd3 14. Qxd3 Ne4 15. Bxe7 Rxe7 16. Ng3 Nxg3 17. hxg3 Re6 18. Rc2 Nd7 19. Rfc1 Qf6 20. Nc3 h5 {½-½ (20) Ramirez Alvarez,A (2516)-Murillo Tsijli,A (2352) San Jose 2004}) 11... Nbd7 12. f3 b5 13. Bf2 Nb6 14. Ng3 Bf8 15. h3 Nc4 16. Bxc4 dxc4 17. e4 b4 18. Na4 Ba6 19. Re1 g6 ({Black should try} 19... Bb5 $11) 20. Nf1 Nh5 21. Be3 Bg7 22. Nc5 Bb5 23. a4 bxa3 $1 24. bxa3 {Hoping for a4.} a4 $1 25. e5 (25. Qd2 $16) 25... Bf8 $1 $11 26. Nd2 Bxc5 27. dxc5 Rxe5 28. Ne4 $1 Qxd1 29. Rcxd1 g5 (29... f5 $11 30. Nd6 c3) 30. g4 $36 {[%mdl 3072] White has compensation. White has some pressure.} Ng7 (30... f5 $1 $14) 31. Bd4 $16 Re6 32. Bc3 $1 Kh7 (32... Rae8 $16 33. Nf6+ Rxf6 34. Bxf6 Rxe1+ 35. Rxe1 Ne6) 33. Rd7 $18 Kg6 (33... Kg8 {might work better.} 34. Kf2 Ba6) 34. h4 $1 {[%cal Rh4h5]} h5 35. gxh5+ ({Don't play} 35. hxg5 $6 hxg4 36. fxg4 Rh8 $18) ({Resist} 35. Nxg5 $6 Rxe1+ 36. Bxe1 Re8 $18) (35. Kf2 $18 hxg4 36. Rg1 (36. fxg4 gxh4 37. Rd6 Ne8 $15) (36. hxg5 gxf3 37. Kxf3 Rh8 $11) 36... Rxe4 37. fxe4) 35... Nxh5 $16 36. hxg5 (36. Kf2 $1 $16 Nf4 37. Rh1) 36... Nf4 $14 37. Kh2 Nd5 38. Bd4 c3 39. Rc1 Bd3 40. Nxc3 {And now Kg3 would win.} Nxc3 ({Better is} 40... Nf4 $1 $14) 41. Rxc3 ({White should play} 41. Bxc3 Bb5 42. Kh3) 41... Bf5 $16 {aiming for ...Re2+.} 42. Kg3 {Strongly threatening Kf4.} Kxg5 43. Rxf7 {Black must now prevent Rc1.} Rg8 44. Re3 (44. Kf2 {seems wilder.} Rge8 45. Rc4 Re2+ 46. Kg3 Be6 47. Rg7+) 44... Kg6 {[#]} 45. Rc7 Rxe3 46. Bxe3 {[%mdl 4096] Endgame KRB-KRB} Rc8 {[#]} 47. Ra7 (47. Rxc8 $1 $16 Bxc8 48. Kf4) 47... Bc2 $1 $11 48. Rd7 Kf6 (48... Kf5 $11) 49. Bd4+ Ke6 50. Rd6+ Ke7 51. Bf6+ Kf7 52. f4 Be4 53. Kg4 Rb8 54. f5 Rb3 55. Be5 Rd3 (55... Rxa3 $11 {keeps the balance.} 56. Rd7+ Ke8) 56. Rf6+ Kg8 57. Rg6+ (57. Kg5 {looks sharper.} Rd1 58. Rd6 Rf1 59. Bf4 Kf7 60. Rd7+) 57... Kf8 58. Re6 (58. Kg5 $16 Bd5 59. Bd6+ Kf7 60. Rf6+ Ke8 61. Rh6 Rxa3 62. Rh8+ Kd7 63. Rh7+ Ke8 64. Re7+ Kd8 65. f6) 58... Bd5 59. Rf6+ (59. Bd6+ {is more complex.} Kf7 60. Re1 Kf6 61. Be5+ Kf7 62. Kg5) 59... Ke7 {The position is equal.} 60. Rh6 Rxa3 61. Rh7+ Ke8 62. f6 Rf3 63. Re7+ Kd8 64. Ra7 a3 65. Bf4 a2 66. f7 {[%cal Rf7f8]} Rxf4+ $1 67. Kxf4 {[%cal Rf7f8]} Bxf7 $1 {KR-KB} 68. Ke5 {Threatens to win with Kd6.} Kc8 69. Kd6 Bd5 70. Ra3 Kb7 71. Kd7 Bc4 72. Kd6 Bd5 73. Ke5 Bc4 74. Kd4 Bd5 75. Kc3 Be6 76. Kb2 Bd5 77. Kc3 Be6 {Weighted Error Value: White=0.18/Black=0.20} 1/2-1/2

[Event "Opera Euro Rapid Prelims 2021"]
[Site "Online"]
[Date "2021.02.03"]
[Round "2.7"]
[White "Carlsen, Magnus"]
[Black "Aronian, Levon"]
[Result "1-0"]
[WhiteElo "2862"]
[BlackElo "2781"]
[Annotator "TA"]
[PlyCount "93"]
[EventDate "2021.02.02"]
[EventType "tourn"]
[EventCountry "NET"]
[SourceTitle "playchess.com"]
[Source "ChessBase"]
[SourceQuality "1"]

{[%evp 12,93,23,12,13,16,20,0,0,0,11,6,5,9,40,37,34,32,57,58,79,85,72,70,116,115,145,106,160,168,188,183,194,189,212,195,227,232,258,259,253,247,454,452,493,481,520,539,582,568,581,589,1474,1213,29984,783,1438,1485,12837,12838,12838,12839,12839,12839,12840,12840,29981,29982,29985,29984,29988,29985,29981,0,29988,29989,29989,29990,29990,29991,29991,29992,29992,29993]} 1. d4 Nf6 2. c4 e6 3. Nf3 d5 4. Nc3 Bb4 5. cxd5 exd5 6. Bg5 h6 7. Bh4 O-O {D38: Queen's Gambit Declined: Ragozin Defence (4 Nf3 Bb4).} 8. e3 Bf5 9. Bd3 {9.Be2 gains popularity.} Bxd3 {The position is equal.} 10. Qxd3 Nbd7 11. Qb5 Bxc3+ 12. bxc3 Nb6 (12... Qc8 {is more complex.} 13. Bxf6 Nxf6 14. O-O c6 15. Qb3 c5) 13. Nd2 {[#]} Qd7 $146 ({Predecessor:} 13... c6 14. Qb3 Qe7 15. O-O g5 16. Bg3 Nh5 17. a4 Nxg3 18. hxg3 Rab8 19. a5 Nd7 {½-½ (41) Nechaeva,M (2424)-Kashlinskaya,A (2452) St Petersburg 2017}) 14. Qxd7 Nfxd7 15. a4 a5 16. Ke2 {Black is on the road to losing.} Rfe8 17. Rhb1 Re6 18. Bg3 c5 19. Rb5 c4 ({Black should try} 19... cxd4 20. cxd4 Rc6) 20. Bc7 $16 Rc6 21. Bxb6 Nxb6 22. g4 Kf8 23. h4 Ke8 24. e4 Rd8 25. e5 (25. Rxa5 $6 dxe4 26. Nxe4 Nd5 $16) 25... f6 26. f4 (26. Rxa5 $6 fxe5 27. Nf3 (27. dxe5 d4 $16) 27... e4 $16) 26... g5 $2 (26... Kd7 27. Nf3 (27. Rxa5 Ra8 $16) 27... Kc7) 27. hxg5 $18 hxg5 28. f5 fxe5 29. dxe5 d4 30. Rh1 dxc3 31. Ne4 c2 32. e6 Rd4 33. Re5 (33. Rh8+ $142 Ke7 34. Rh7+ Kd8 35. e7+ (35. Rh8+ Kc7 $17) 35... Ke8 36. Re5 Rxe4+ 37. Rxe4 Nc8 38. Rh8+ Kd7 39. e8=Q+ Kc7 40. Qxc8+ Kb6 41. Qd8+ {[%mdl 64] Double Attack} Ka6 42. Re5) 33... Nd5 {[#]} 34. Rxd5 $1 {[%mdl 512]} Rxe4+ {[%mdl 4096] Endgame KRR-KRR} (34... Rxd5 35. Nf6+) 35. Kd2 Rxg4 36. Rh8+ Ke7 37. Rh7+ Ke8 38. f6 {[%cal Rh7h8]} c1=Q+ 39. Kxc1 {[%cal Rh7h8]} Rg1+ 40. Kc2 {[%cal Rh7h8]} Rg2+ 41. Kd1 {[%cal Rh7h8]} Rg1+ 42. Kc2 {[%cal Rh7h8]} Rg2+ (42... Rxe6 43. f7+ Ke7 {[#]} 44. Rd7+ $3 {[%mdl 512]} Kxd7 45. f8=Q+ Kc6 46. Qc8+ Kd6 47. Qc7+ Kd5 48. Qxb7+ Kd4 49. Qd7+ Ke5 50. Qb5+ {[%mdl 64] Double Attack} Ke4 51. Qxc4+ {[%mdl 64] Double Attack} Ke5 52. Qc5+ {[%mdl 64] Double Attack} Ke4 53. Qc4+ Ke5 54. Qc5+ Ke4 55. Qxg1) 43. Kc3 {[%cal Rh7h8] White mates.} Rg3+ 44. Kd4 {[%cal Rh7h8]} Rd3+ 45. Ke5 {[%cal Rh7h8]} Re3+ 46. Kf5 {[%cal Rh7h8]} Rcxe6 47. Rh8+ {Weighted Error Value: White=0.16/Black=0.52} 1-0

[Event "Opera Euro Rapid Prelims 2021"]
[Site "Online"]
[Date "2021.02.03"]
[Round "2.8"]
[White "Vachier-Lagrave, Maxime"]
[Black "So, Wesley"]
[Result "1-0"]
[WhiteElo "2784"]
[BlackElo "2770"]
[Annotator "TA"]
[PlyCount "107"]
[EventDate "2021.02.02"]
[EventType "tourn"]
[EventCountry "NET"]
[SourceTitle "playchess.com"]
[Source "ChessBase"]
[SourceQuality "1"]

{[%evp 9,107,20,21,14,23,18,20,9,16,0,7,0,-2,-10,-5,-9,-7,-18,-24,-6,0,-13,-10,-21,-12,-16,-9,-36,0,0,0,0,8,8,8,8,8,0,8,8,8,8,8,8,11,13,28,26,27,27,77,34,57,77,78,32,41,35,47,5,66,64,68,0,65,59,167,221,199,150,401,397,944,551,503,370,1286,1193,1936,1814,2793,2233,5624,3901,5214,5122,29982,29983,29983,29982,29987,29988,29988,29989,29989,29990,29995,29992,29996,29997]} 1. e4 e5 2. Nf3 Nc6 3. Bb5 Nf6 4. d3 Bc5 5. Bxc6 dxc6 6. Nbd2 {C65: Ruy Lopez: Berlin Defence (3...Nf6), unusual lines and 4 0-0 Bc5.} Be6 7. O-O Bd6 8. Nb3 {[#] The position is equal.} b6 $146 ({Predecessor:} 8... a5 9. Qe1 a4 10. Na5 Qb8 11. b4 Bg4 12. Nh4 O-O 13. Nc4 Be6 14. Nxd6 cxd6 {1-0 (31) Dominguez Perez,L (2763)-Aronian,L (2765) Saint Louis 2019}) 9. d4 Nd7 (9... Nxe4 $6 10. Qe2 $16) 10. dxe5 Nxe5 11. Nxe5 Bxe5 12. Qh5 Bf6 13. Rd1 Qc8 14. h3 O-O 15. e5 {[#]} g6 $1 16. Qe2 Bg7 17. Bf4 c5 18. Nd2 Qb7 19. Ne4 Bd5 20. Nf6+ Bxf6 21. exf6 Bxg2 {Threatens to win with ...Bf3.} 22. Qg4 Qf3 23. Bh6 Qxg4 24. hxg4 Bf3 {[%mdl 64] Double Attack} 25. Bxf8 Bxd1 26. Rxd1 {Black must now prevent Bh6.} Rxf8 $11 {[%mdl 4096] Endgame KR-KR} 27. Rd7 g5 28. Rxc7 h6 29. Rxa7 Rd8 30. Ra6 Rd2 31. Rxb6 {Hoping for c3.} Rxc2 32. Kg2 Kh7 $1 33. Kf3 Rc4 34. Rc6 {next b3 is good for White.} Kg6 (34... Rf4+ $11 35. Kg3 Rc4) 35. b3 $14 Rc2 36. b4 (36. a4 $1 $14) 36... Rc3+ (36... Rxa2 $11 37. Rxc5 (37. bxc5 Ra4 $11) 37... Rb2) 37. Ke2 $1 Rc4 (37... cxb4 $2 38. Rxc3 bxc3 39. a4 $18) (37... Ra3 $14) 38. b5 $18 ({And not} 38. bxc5 Rxg4 39. Kd3 Ra4 $11) (38. Rxc5 Rxb4 39. Kf3 Ra4 $15) 38... Rxg4 39. a3 {[%cal Ba2a3,Ba3a4,Ba4a5,Ba5a6][%mdl 32] Strongly threatening b6.} ({Weaker is} 39. Rxc5 Ra4 $11) 39... Rg1 $2 {This move loses the game for Black.} (39... Ra4 $16) 40. b6 Ra1 $2 (40... h5 41. a4 (41. Rxc5 Rb1 $15) 41... h4) 41. Rc8 {b7 is the strong threat.} Rb1 {[#]} 42. Rb8 h5 $2 (42... Kxf6 43. a4 Rb2+ 44. Kd3 Ra2) 43. b7 Kh7 44. a4 h4 45. Kf3 h3 46. Kg3 g4 47. a5 Rb3+ {[#]} 48. Kh2 $1 {White mates.} Rb2 49. a6 Rxf2+ 50. Kg3 Rg2+ 51. Kf4 h2 {[#]} 52. Rh8+ $1 {[%mdl 576] Decoy, Clearance, Promotion} Kxh8 (52... Kg6 53. b8=Q) 53. b8=Q+ Kh7 54. Qf8 {[%csl Gf6][%cal Rf8g7] Weighted Error Value: White=0.19/Black=0.34} 1-0